Simpson's Main Characters Quiz Stats

Quiz not verified by Sporcle

Challenge
Share
Tweet
Embed
Score 0/62 Timer 06:00
0 Plays Today
Job Person % Correct
StudentBart
95.5%
Kwik-E Mart Owner and OperatorApu
95.5%
HousewiveMarge
93.2%
StudentLisa
90.9%
Safety InspectorHomer
86.4%
BabyMaggie
79.5%
Moe's Tavern Owner and OperatorMoe
75%
ClownKrusty
72.7%
Android's Dungeon OwnerComic Book Guy
63.6%
Nuclear Plant WorkerCarl
63.6%
Nuclear Plant WorkerLenny
63.6%
Blimp PilotBarney
63.6%
GroundskeeperWillie
61.5%
Personal AssistantSmithers
61.4%
Leftorium OwnerFlanders
61.4%
PrincipalSkinner
61.4%
RetiredGrampa
56.8%
Chief of PoliceWiggum
56.8%
Nuclear Plant OwnerMr Burns
56.8%
ReverendLovejoy
56.8%
FarmerCletus
55.6%
CriminalSideshow Bob
54.5%
Car SalespersonPatty
52.3%
InventorFrink
52.3%
News AnchorBrockman
52.3%
Student/BullyNelson
50%
DogSanta's Little Helper
50%
DoctorDr Hibbert
50%
Duff SpokespersonDuffman
50%
CriminalSnake
50%
Student/BullyJimbo
50%
Job Person % Correct
Cartoon CharacterItchy
46.2%
Cartoon CharacterScratchy
46.2%
MayorQuimby
43.8%
DoctorDr Nick
37.5%
Bus DriverOtto
37.5%
Farmer/HousewiveBrandine
37.5%
Herman's Military Antiques Owner and OperatorHerman
37.5%
Student/BullyKearney
37.5%
StudentRalph
36.4%
StudentMillhouse
34.1%
MobsterFat Tony
31.3%
Car SalespersonSelma
25%
RetiredMoleman
25%
Student/BullyDolph
25%
ClownSideshow Mel
25%
CaptainSea Captain
25%
Disco Stu's Disco Owner and OperatorDisco Stu
25%
TeacherMrs Krabappel
22.2%
SuperintendentChalmers
12.5%
HousefatherKirk
12.5%
RetiredAgnes
0%
HousewiveBernice
0%
TeacherMr. Largo
0%
BoxerDredrick
0%
RetiredCrazy Cat Lady
0%
Multiple JobsOl Gil
0%
HousewiveLuann
0%
HousewiveManjula
0%
ActorWolfcastle
0%
Oil Plant OwnerThe Rich Texan
0%
JudgeJudge Snyder
0%

You're not logged in!

Compare scores with friends on all Sporcle quizzes.
Sign Up with Email
OR
Log In

You Might Also Like...

Show Comments

Extras

Top Quizzes Today


Score Distribution

Your Account Isn't Verified!

In order to create a playlist on Sporcle, you need to verify the email address you used during registration. Go to your Sporcle Settings to finish the process.

Report this User

Report this user for behavior that violates our Community Guidelines.

Details: